Kings of Macedon - Statistics

General Stats
  • This quiz has been taken 66 times
  • The average score is 19 of 43
Answer Stats
Dynasty Dates Answer % Correct
Argead 498-454 Alexander I
100%
Argead 370-368 Alexander II
100%
Argead 336-323 Alexander III the Great
100%
Argead 323-310 Alexander IV
100%
Antipatrid 297-294 Alexander V
100%
Argead 640-602 Philip I
98%
Argead 359-336 Philip II
98%
Argead 323-317 Philip III Arrhidaeus
98%
Antipatrid 297 Philip IV
98%
Antigonid(Restored Again) 221-179 Philip V
98%
Antigonid(Restored) 276-274 Antigonus I Gonatas
48%
Antigonid(Restored Again) 272-239 Antigonus I Gonatas
48%
Antigonid(Restored Again) 229-221 Antigonus II Doson
48%
Antipatrid 310-297 Cassander
41%
Antigonid(Restored Again) 239-229 Demetrius II Aetolicus
41%
Antigonid 306-286 Demetrius I Poliorcetes
41%
Argead 700-678 Perdiccas I
39%
Argead 448-413 Perdiccas II
39%
Argead 368-359 Perdiccas III
39%
Argead 547-498 Amyntas I
36%
Argead 393 Amyntas II
36%
Argead 393 Amyntas III
36%
Argead 392-370 Amyntas III
36%
Argead 359-356 Amyntas IV
36%
Non Dynastic 286-285 Pyrrhus of Eprius
36%
Antigonid(Restored Again) 179-168 Perseus
34%
Argead 321-319 Antipater I
32%
Antipatrid 297-294 Antipater II
32%
Argead 678-640 Argaeus I
27%
Argead 393-392 Argaeus II
25%
Non Dynastic 286-281 Lysimachus
25%
Argead 396-393 Archelaus II
14%
Argead 602-576 Aeropus I
11%
Argead 399-396 Aeropus II
11%
Argead 413-399 Archelaus I
11%
Argead 576-547 Alcetas I
9%
Argead 454-448 Alcetas II
9%
Argead 399-396 Orestes
9%
Non Dynastic 281-279 Ptolemy Keraunos
9%
Argead 393 Pausanias
7%
Non Dynastic 279-276 Sosthenes
7%
Non Dynastic(Restored) 274-272 Pyrrhus of Eprius
2%
Argead 399 Caterus
0%
No matching quizzes found
Score Distribution
Percent of People with Each Score
Percentile by Number Answered
Your Score History
You have not taken this quiz